000 00542nam a2200217Ia 4500
003 GCL
008 140319s9999 xx 000 0 eng d
040 _aGCL /
_cGCL
082 0 4 _a747
_bC N
100 1 _aCAMPBELL, NINA
245 1 0 _aNINA CAMPBELL ON DECORATING /
_cCAMPBELL, NINA
260 _a[S.N] :
_bCONRAN OCTOPUS ،
_c1996
300 _a160 P
650 0 4 _aINTERIOR DECORATION
650 0 4 _aARTS
650 0 4 _aDESIGN
650 0 4 _aFURNITURE
650 0 4 _aDECORATIVE ARTS
650 0 4 _aDECORATION TEXTILES
942 _2ddc
_cBK
999 _c14392
_d14392